Approaches to modern librarianship (Record no. 6815)

MARC details
000 -LEADER
fixed length control field 00796 a2200193 4500
005 - DATE AND TIME OF LATEST TRANSACTION
control field 2008090802352.0
008 - FIXED-LENGTH DATA ELEMENTS--GENERAL INFORMATION
fixed length control field 080908t xxu||||| |||| 00| 0 eng d
010 ## - LIBRARY OF CONGRESS CONTROL NUMBER
LC control number ENG-87684
020 ## - INTERNATIONAL STANDARD BOOK NUMBER
International Standard Book Number 8174532153
Terms of availability 900.00
035 ## - SYSTEM CONTROL NUMBER
System control number EN-71217
037 ## - SOURCE OF ACQUISITION
Source of stock number/acquisition DBAD / PUB
082 ## - DEWEY DECIMAL CLASSIFICATION NUMBER
Classification number 025.1
245 ## - TITLE STATEMENT
Title Approaches to modern librarianship
Statement of responsibility, etc edited by Prem Singh [et. al.]
260 ## - PUBLICATION, DISTRIBUTION, ETC. (IMPRINT)
Place of publication, distribution, etc Delhi
Name of publisher, distributor, etc Sanjay Prakashan
Date of publication, distribution, etc 2006
270 ## - ADDRESS
Address 4378/ 4B 209, J.M.D House, Murari Lal Street, Ansari Road, Daryaganj,
City New Delhi
Postal code 110 002.
Telephone number 23245808, 51045808
300 ## - PHYSICAL DESCRIPTION
Extent 352 p.
Dimensions 23 cm (Hb.)
942 ## - ADDED ENTRY ELEMENTS (KOHA)
Institution code [OBSOLETE] dpl
Koha item type English Books
Call number prefix 025.1/APP
Source of classification or shelving scheme Dewey Decimal Classification
Classification part 025.1
Call number suffix APP
Holdings
Withdrawn status Lost status Damaged status Not for loan Collection code Home library Current library Date acquired Cost, normal purchase price Total Checkouts Full call number Barcode Date last seen Copy number Uniform Resource Identifier Cost, replacement price Price effective from Koha item type
      Not For Loan Non-fiction D.B.Act.Division D.B.Act.Division 08/09/2008 900.00   025.1 APP EN-71217 15/09/2008 1 7318 900.00 15/09/2008 English Books

© Delhi Public Library
Hit Counter
free hit counter